how i met your mother quiz - Statistics

General Stats
  • This quiz has been taken 540 times
  • The average score is 10 of 12
Answer Stats
Hint Answer % Correct
Name of Ted's ex girlfriend who is in the group. Robin
99%
In the eighth season who does Barney marry? Robin
99%
where was Robin born? Canada
95%
EASY- Who is Marshall married to? Lily
94%
How may kids does Ted have in the future? two
93%
Whats Teds fav film? Star wars
90%
What was Robins stage name when she was a popstar? Robin sparkles
89%
Name Barney fav line Suit up
84%
how many seasons have there been? eight
79%
Whats Robins job? news anchor
77%
Who plays Ted Mosby? Josh radnor
72%
What code does Barney follow? the bro code
56%
No matching quizzes found
Score Distribution
Percent of People with Each Score
Percentile by Number Answered
Your Score History
You have not taken this quiz